000 00623nam a2200193Ia 4500
005 20260601193257.0
008 260601s9999||||xx |||||||||||||| ||und||
020 _a978-3-031-68919-2
_qebk
100 _aOleg Gusikhin
245 0 _aData Management Technologies and Applications
250 _a2024
260 _aHeidelberg, Germany
_bSpringer Nature
_c2024
440 _aCommunications in Computer and Information Science
650 _aComputer Science
700 _aAlfredo Cuzzocrea
700 _aSlimane Hammoudi
856 _uhttps://link.springer.com/openurl?genre=book&isbn=978-3-031-68919-2
942 _cEB
_2ddc
999 _c56897
_d56897